[Event "Remote S7E-170 email"]
[Site "Remote email"]
[Date "2014.07.07"]
[Round "?"]
[White "Witt, Monika"]
[Black "Herrmann, Tim"]
[Result "0-1"]
[WhiteElo "1390"]
[BlackElo "1843"]
[PlyCount "86"]
[EventDate "2014.??.??"]
[EventType "tourn (corr)"]
[EventRounds "6"]
[EventCountry "GER"]
[SourceTitle "Corr 2015"]
[Source "ChessBase"]
[SourceDate "2015.07.17"]
[SourceVersion "1"]
[SourceVersionDate "2015.07.17"]
[SourceQuality "1"]

1. e4 c5 2. Bc4 e6 3. e5 d5 4. Bb5+ Bd7 5. a4 Bxb5 6. axb5 Qb6 7. c4 dxc4 8. Nc3 g6 9. d3 Bg7 10. d4 cxd4 11. Na4 Qc7 12. Bf4 Bxe5 13. Bxe5 Qxe5+ 14. Qe2 Qxb5 15. Nf3 Nc6 16. 0-0 Nf6 17. b3 0-0 18. bxc4 Qa5 19. c5 Rfd8 20. Nb2 Qc7 21. Nd3 Re8 22. h3 e5 23. Ng5 e4 24. Nb2 h6 25. Nc4 hxg5 26. Qd2 Qf4 27. Qxf4 gxf4 28. Nd6 Re7 29. Nxf7 Kxf7 30. Rfe1 d3 31. Rad1 Rd8 32. Rd2 e3 33. fxe3 fxe3 34. Rb2 d2 35. Rd1 e2 36. Rbb1 exd1Q+ 37. Rxd1 Re1+ 38. Kf2 Rxd1 39. Ke2 Re1+ 40. Kf2 d1Q 41. Kg3 Nh5+ 42. Kh4 Re4+ 43. Kg5 Qd2# 0-1

[Event "Remote S7E Easy-194 email"]
[Site "Remote email"]
[Date "2014.07.01"]
[Round "?"]
[White "Tortoza, Carlos Alberto"]
[Black "Herrmann, Tim"]
[Result "0-1"]
[WhiteElo "1632"]
[BlackElo "1843"]
[PlyCount "108"]
[EventDate "2014.??.??"]
[EventType "tourn (corr)"]
[EventRounds "6"]
[EventCountry "GER"]
[SourceTitle "Corr 2015"]
[Source "ChessBase"]
[SourceDate "2015.07.17"]
[SourceVersion "1"]
[SourceVersionDate "2015.07.17"]
[SourceQuality "1"]

1. c4 Nf6 2. d4 e6 3. a3 d5 4. Nc3 b6 5. Nf3 Bb7 6. Qc2 Nbd7 7. Ne5 Nxe5 8. dxe5 Nd7 9. Bf4 dxc4 10. e4 g5 11. Bg3 h5 12. h3 Bg7 13. Bxc4 Nxe5 14. Rd1 Qe7 15. 0-0 0-0 16. Ba2 a6 17. f4 gxf4 18. Bxf4 Rad8 19. b4 Rxd1 20. Rxd1 Ng6 21. Bg3 Rd8 22. Ne2 Rxd1+ 23. Qxd1 Bxe4 24. Bb1 Bxb1 25. Qxb1 h4 26. Bh2 Qd7 27. g3 hxg3 28. Bxg3 Be5 29. Bxe5 Nxe5 30. Kf2 Qd3 31. Qg1+ Qg6 32. Nd4 Qxg1+ 33. Kxg1 Kg7 34. Kg2 Kg6 35. Kg3 b5 36. Kf4 Nc4 37. Nc6 Nxa3 38. Ne5+ Kg7 39. h4 Nc4 40. Nc6 Nb6 41. Nb8 Nd5+ 42. Ke5 Nxb4 43. Kd4 f5 44. Nc6 Nxc6+ 45. Kc5 f4 46. Kxc6 f3 47. Kxc7 f2 48. Kb6 f1Q 49. Kxa6 b4+ 50. Kb6 Qc4 51. h5 b3 52. h6+ Kxh6 53. Kb7 b2 54. Ka7 b1Q 0-1